Statistics for NFL Teams with Quarterback Consistency

Click here to take the quiz!

General Stats

  • This quiz has been taken 110 times
  • The average score is 18 of 24

Answer Stats

StartsQuarterback% Correct
156Tom Brady
99%
142Aaron Rodgers
95%
147Eli Manning
90%
153Drew Brees
88%
New England Patriots
84%
160Philip Rivers
84%
130Ben Roethlisberger
83%
128Russell Wilson
81%
159Matt Ryan
80%
Green Bay Packers
79%
New York Giants
77%
Atlanta Falcons
76%
Los Angeles Chargers
75%
New Orleans Saints
75%
Pittsburgh Steelers
75%
Seattle Seahawks
72%
139Matthew Stafford
70%
124Cam Newton
69%
Baltimore Ravens
68%
131Joe Flacco
68%
Detroit Lions
65%
133Andy Dalton
64%
Carolina Panthers
63%
Cincinnati Bengals
61%

Score Distribution

Percentile by Number Answered

Percent of People with Each Score

Your Score History

You have not taken this quiz